00654nam a2200193 a 4500001001000000003000400010005001700014008004100031040002500072082002700097100003000124245004000154250001100194260004200205300003100247505010800278600004300386650003100429000017914OSt20260321073640.0100407s1985 dr c r 000 0 spa d aDO-SdBNPbspacBNPHU a923.77295bH831b, 19851 a Bosch, Juan, d1909-200110aHostos, el sembrador /cJuan Bosch. a4a ed. aSanto Domingo :bAlfa y Omega,c1985. a207 p. :bretrs. ;c21 cm.0 aPrimera parte. La semilla. -- Segunda parte. El surco y la siembra -- Tercera parte. La triste cosecha.10aHostos, Eugenio María de,d1839-1903 4aIntelectualeszPuerto Rico